Marsiglio of Padua : writings on the Empire : Defensor minor and De translatione Imperii

Αποθηκεύτηκε σε:
Λεπτομέρειες βιβλιογραφικής εγγραφής
Άλλοι συγγραφείς: Nederman, Cary J. (Επιμελητής έκδοσης)
Μορφή: Βιβλίο
Γλώσσα:English
Δημοσίευση: Cambridge : Cambridge University Press, 1993
Σειρά:Cambridge texts in the history of political thought
Θέματα:
Ετικέτες: Προσθήκη ετικέτας
Δεν υπάρχουν, Καταχωρήστε ετικέτα πρώτοι!

MARC

LEADER 00000cam a2200000 i 4500
001 1/7622
008 970111s1993 eng d
020 |a 0-521-40277-8 
020 |a 0-521-40846-6 
035 |l 10016772 
040 |a GR-MY-UA  |b gre  |e aacr 
041 0 |a eng 
245 1 0 |a Marsiglio of Padua :  |b writings on the Empire : Defensor minor and De translatione Imperii /  |c Edited by Cary J. Nederman 
260 |a Cambridge :   |b Cambridge University Press,   |c 1993 
300 |a 92 p. 
490 1 |a Cambridge texts in the history of political thought 
504 |a Includes index 
650 0 0 |a State, The. 
650 0 0 |a Church and state. 
650 0 0 |a Political science  |v Early works to 1800. 
700 1 |a Nederman, Cary J.  |4 edt 
830 0 |a Cambridge texts in the history of political thought 
852 |a INST  |b LESVOS  |e 19970111  |h 322.1 MAR  |p 005100011225  |q 005100011225  |t BK  |y 0 
852 |a INST  |b LESVOS  |e 20000407  |h 322.1 MAR  |p 005100020510  |q 005100020510  |t BK  |y 0 
909 |a Λ  |b 049219 
909 |a Λ  |b 069537 
950 |a 145/1996-02-06 
970 |a ΑΙΒΑΤΖΙΔΟΥ  |b ΕΛΕΝΗ  |z 2000/04/07